03210agaaa2200361 45000010005000000030009000050050017000140070009000310080040000400400023000800410013001031000056001161300027001722400025001992450206002242460018004302500022004482600099004703000033005695080243006025110090008455201256009355380016021915460013022076500063022207000065022837000074023487000088024227000068025109420012025789990019025909520239026091576IT-RoPAU20220918181223.0d cvaizq50131s9999||||xx ||| | || ||und|| aIT-RoPAUcIT-RoPAU aITALIANO aMikhalkov NikitagCodice regista SPICS: 3763936930 aSCHIAVA D'AMORE936931 aRABA' LIUBVI'gT1708 aSCHIAVA D'AMOREcProdotto da: Zigaeva Tatiana -- Sceneggiatura: Gorenstein Friedric Mikhalkov Konchalovski Andrei -- Diretto da: Mikhalkov NikitapSCHIAVA D'AMORE (Rif. Codice opera principale : 21576) aRABA' LIUBVI' aEdizione Standard aURSS (U.R.S.S.)bMOSFILM / Distribuzione: RAIg"1975 (1° ed.: 1983 ; Ed. Lingua Orig.: 1975)" aVHSbsonoro, col.c92 minuti a"Fotografia: Lebesev Pavel; Montaggio: Eljan L.; Musica: Artemjev Eduard; Sceneggiatura: Gorenstein Friedric Mikhalkov Konchalovski Andrei; Scenografia: Adabasjan A. Samulek; Soggetto: Gorenstein Friedric -- Konchalovsky-Mikhalkov Andrej" a"Solovei Elena; Nakhapetov Rodion; Kalyagin Aleksander; Basalasvili Oleg; Grigorjev " aLA RIVOLUZIONE BOLSCEVICA E' IN ATTO E L'ARMATA ROSSA HA CONQUISTATO MOSCAIN CRIMEA L'ARMATA BIANCA TENTA DI MANTENERE IL CONTROLLO DI VASTE ZONE DEL TERRITORIO QUI FRA GIARDINI ASSOLATI E STRADE POLVEROSE UNA TROUPE DI CINEASTI STA TENTANDO DI CONDURRE A TERMINE LE RIPRESE DI UN FILM SENTIMENTALEINTITOLATO SCHIAVA D'AMORE DI CUI E' INTERPRETE OLGA DIVA DEL MOMENTO AMATA DALLE FOLLE NON SOLO LA 28ENNE ATTRICE CHE HA PORTATO CON SE' LE DUE FIGLIOLETTE MA ANCHE IL REGISTA E GLI ALTRI COMPONENTI DELLA SPEDIZIONE SEMBRANO DEL TUTTO ESTRANEI A QUANTO STA ACCADENDO NEL MONDO E PARTICOLARMENTE IN RUSSIA IL LORO PROBLEMA E' SOLO QUELLO DI ARRAFFARE IN QUALCHE MODO LA PELLICOLA VERGINE E CHE OVVIAMENTE E' DIVENUTA MOLTO RARA L'AGITAZIONE DEI POLIZIOTTI DEI BIANCHI APPARE ASSURDA AI CINEASTI OLGA CHE E' INNAMORATA DELL'OPERATORE VICTOR VIENE DALLO STESSO INVITATA AD ASSISTERE A FILMATI IN CUI SONO STATE DOCUMENTATE DELLE ATROCITA' COMPIUTE DALL'ARMATA BIANCA SCOPRE COSI' CHE VICTOR E' BOLSCEVICO E PRENDE DA LUI IN CONSEGNA DEL MATERIALE COMPROMETTENTE MA E' ANCHE COSTRETTA AD ASSISTERE ALL'UCCISIONE DELL'AMICO CHE E' STATO ORMAI INDIVIDUATO DAI SERVIZI SEGRETI OLGA RIMANE FEDELE ALLA MEMORIA DI VICTOR E SI ALLONTANA CON IL PREZIOSO MATERIALE aPAL, STEREO aITALIANO aDRAMMATICOeFILMS [VHS]xCodice MATERIA SPICS: 9960934083 aArtemjev Eduarde(musica)gCodice Musica SPICS: 22987936932 aGorenstein Friedric e(soggetto)gCodice Soggetto SPICS: 29734936933 aKonchalovsky-Mikhalkov Andrej e(soggetto)gCodice Soggetto 2° SPICS: 26000936934 aMikhalkov Nikita e(regista)gCodice regista SPICS: 3763936935 cVH2ddc c104654d104654 001040621576_00000000000000071aSPICSbSPICSd2015-01-31l0o21576r2015-01-31 00:00:00w2015-01-31yVHzProgr. Ins.: 1372 / N.Vol.:1 / Copie: 1 / Pag.: / Copia rara: n.d. / date import: 1.2.2015 / By Epidotti, Trombetti, Vaglietti